000 02773nam a2200349 a 4500
001 eep9781847200181
003 DLC
005 20210215104228.0
006 m o d
007 cr un|||||||||
008 050629s2006 enkab ob 001 0 eng d
010 _a 2005049718
020 _a9781847200181 (e-book)
040 _aDLC
_cDLC
_dUtOrBLW
050 0 0 _aHC85
_b.N48 2006
082 0 0 _a333.7
_222
245 0 0 _aNetworks and institutions in natural resource management
_h[electronic resource] /
_cedited by Yvonne Rydin and Eva Falleth.
260 _aCheltenham, U.K. ;
_aNorthampton, Mass. :
_bEdward Elgar,
_c2006.
300 _a1 online resource (xi, 248 p.) :
_bill., maps
504 _aIncludes bibliographical references and index.
505 0 _a1. Fragmented institutions : the problem facing natural resource management / Inger-Lise Sagile -- 2. Institutions and networks : the search for conceptual research tools / Yvonne Rydin -- 3. The New Forest, England : cooperative planning for a commons / Yvonne Rydin and Tove Måtar -- 4. Setesdal Vesthei-Ryfylkeheiane, Norway : local co-management in a protected area / Eva Falleth -- 5. Cannock Chase, England : a policy champion for a local landscape / Yvonne Rydin and Tove Måtar -- 6. The Rondane Region, Norway : common pool resource management through statutory planning / Hans Olav Bråtå -- 7. Mafungautsi area, Zimbabwe : decentralized management of forests / Everisto Mapedza -- 8. The Morsa River Basin, Norway : collective action for improving water quality / Knut Bjørn Stokke -- 9. The Lake District, England : participation in managing water abstraction / Yvonne Rydin and Tove Måtar -- 10. Castilla-La Mancha, Spain : collective action and inaction in groundwater management / Elena Lopez-Gunn -- 11. The Rönne and Em rivers, Sweden : resilience, networks and bargaining power in water management / Victor Galaz -- 12. Conclusion / Yvonne Rydin.
520 _aManaging natural resources sustainably is a complex task that demands the involvement of many different stakeholders. Network arrangements are increasingly used to try and achieve such sustainable management. This book assesses the practice of such networks using original research into case studies of landscape, habitat and water management from England, Norway, Sweden, Spain and Zimbabwe.
650 0 _aNatural resources
_xManagement.
650 0 _aNatural resources
_xManagement
_vCase studies.
650 0 _aSustainable development
_vCase studies.
655 7 _aElectronic books.
_2lcsh
700 1 _aRydin, Yvonne,
_d1957-
700 1 _aFalleth, Eva,
_d1962-
710 2 _aEdward Elgar Publishing.
776 1 _z9781845422943 (hardback)
_z1845422945
856 4 0 _uhttps://www.elgaronline.com/view/1845422945.xml
999 _c29041
_d29041